Kyoto Protocol delivered to UK (Record no. 69782)

MARC details
000 -LEADER
fixed length control field 00984cam a2200205 4500
001 - CONTROL NUMBER
control field WB3810-10
008 - FIXED-LENGTH DATA ELEMENTS--GENERAL INFORMATION
fixed length control field 020314n2002 000 0 eng u
035 ## - SYSTEM CONTROL NUMBER
System control number (Sirsi) u117128
245 ## - TITLE STATEMENT
Title Kyoto Protocol delivered to UK
260 ## - PUBLICATION, DISTRIBUTION, ETC.
Date of publication, distribution, etc. 2002
490 ## - SERIES STATEMENT
Series statement DEFRA News Release
Volume/sequential designation (88/02) 7 March 2002, (3)
520 ## - SUMMARY, ETC.
Summary, etc. Environment Secretary Margaret Beckett has presented the Kyoto Protocol to parliament to officially push forward the UK's ratification process. Under Kyoto the UK will be bound by its target to reduce greenhouse gas emissions by 12.5% below 1990 levels in 2008-12. The European Community made the decision to ratify the Kyoto Protocol on 4 March 2002. http://www.defra.gov.uk/news/2002/020307a.htm
590 ## - LOCAL NOTE (RLIN)
Local note WB
650 ## - SUBJECT ADDED ENTRY--TOPICAL TERM
Topical term or geographic name entry element KYOTO PROTOCOL TO THE UNITED NATIONS FRAMEWORK CONVENTION ON CLIMATE CHANGE
650 ## - SUBJECT ADDED ENTRY--TOPICAL TERM
Topical term or geographic name entry element CLIMATE CHANGE
650 ## - SUBJECT ADDED ENTRY--TOPICAL TERM
Topical term or geographic name entry element GREENHOUSE GAS EMISSIONS
650 ## - SUBJECT ADDED ENTRY--TOPICAL TERM
Topical term or geographic name entry element TARGETS
690 ## - LOCAL SUBJECT ADDED ENTRY--TOPICAL TERM (OCLC, RLIN)
Topical term or geographic name as entry element ENVIRONMENTAL AND LAND CONSULTANCY
942 ## - ADDED ENTRY ELEMENTS (KOHA)
Suppress in OPAC 0
Holdings
Withdrawn status Lost status Source of classification or shelving scheme Damaged status Not for loan Home library Current library Shelving location Date acquired Total Checkouts Full call number Barcode Date last seen Copy number Price effective from Koha item type
    Dewey Decimal Classification     London London News article 14/03/2002   WB3810-10 117128-1001 06/08/2019 1 06/08/2019 News article